LIBRARY & INFORMATION CENTRE, KCAET, TAVANUR

ONLINE PUBLIC ACCESS CATALOGUE (OPAC)

Normal view MARC view
  • Marcus, P E

Entry Personal Name

Number of records used in: 1

001 - CONTROL NUMBER

  • control field: 7563

003 - CONTROL NUMBER IDENTIFIER

  • control field: OSt

005 - DATE AND TIME OF LATEST TRANSACTION

  • control field: 20250610120431.0

008 - FIXED-LENGTH DATA ELEMENTS

  • fixed length control field: 250610|| aca||aabn | a|a d

040 ## - CATALOGING SOURCE

  • Original cataloging agency: OSt
  • Transcribing agency: OSt

100 ## - HEADING--PERSONAL NAME

  • Personal name: Marcus, P E

670 ## - SOURCE DATA FOUND

  • Source citation: Work cat.: (OSt)7295: Marcus, P E ., Basics of structural steel design / , 1981.
free website counter